000 00718nam a2200229 4500
003 OSt
005 20240701032736.0
006 a
008 240701b |||||||| |||| 00| 0 eng d
020 _a9780857252951
040 _aDWCL-Main lib.
_cOC
082 _aCirc. 361.060835 R355e 211
100 _aReid, Hazel
245 _aEffective counselling with young people /
260 _aExeter, England :
_bLearning atters Ltd. ,
_cc2011.
300 _aviii,
_b174 p. ;
_c25 cm.
504 _aIncludes bibliographical references & index.
650 _a1. Counseling-Textbooks.
650 _a2. Counselling psychology-Textbooks.
650 _a3. Youth-Counselling of textbooks.
942 _2ddc
_n0
_cBK-CIRC
_kCirc.
999 _c1695
_d1695